Queen Elizabeth I - Statistics

General Stats
  • This quiz has been taken 510 times
  • The average score is 9 of 17
Answer Stats
Hint Answer % Correct
Who was Elizabeth's Father ? Henry VIII
82%
Which Monarch succeeded Elizabeth ? James I
81%
Which famous figure in English Literature worked in Elizabeth's reign ? William Shakespeare
73%
What religion was Elizabeth (most accepted religion) ? Protestant
71%
Who was Elizabeth's Mother ? Anne Boleyn
69%
Year Elizabeth became Queen ? 1558
68%
Who preceded Elizabeth ? Mary I
67%
Who was Elizabeth persuaded to execute in 1587 ? Mary, Queen Of Scots
66%
Which year did Elizabeth die ? 1603
63%
Year Elizabeth was born ? 1533
57%
Who led Elizabeth's Navy in 1588 against the Spanish Armada ? Sir Francis Drake
48%
Who was Elizabeth rumoured to have had a romantic fling with ? Robert Dudley
43%
To Which Earl did Elizabeth grant a monopoly on sweet wines ? Earl Of Essex
23%
Which nation offered Elizabeth the crown of their country ? The Netherlands
21%
Where was Elizabeth born ? Palace of Placentia, Greenwich
15%
Who was Elizabeth's spy master ? Sir Francis Walsingham
8%
What is the exact date of Elizabeth's coronation ? 15th January 1559
3%
No matching quizzes found
Score Distribution
Percent of People with Each Score
Percentile by Number Answered
Your Score History
You have not taken this quiz